000 00245nam a2200097Ia 4500
001 681554
005 20250826161402.0
008 250824s9999 xx 000 0 und d
245 0 _aÇEHOV DAN HİKAYELER
_cANTON ÇEHOV
260 _bAKVARYUM YAYINEVİ
999 _c681554
_d681554